|
|
|
|
| LEADER |
01001nab a2200265 i 4500 |
| 001 |
publ13103 |
| 005 |
20200310160804.0 |
| 008 |
180321s2017 hu o 0|| zxx d |
| 022 |
|
|
|a 0928-0987
|
| 024 |
7 |
|
|a 10.1016/j.ejps.2016.10.034
|2 doi
|
| 024 |
7 |
|
|a 3135904
|2 mtmt
|
| 040 |
|
|
|a SZTE Publicatio Repozitórium
|b hun
|
| 041 |
|
|
|a zxx
|
| 100 |
1 |
|
|a Müller Judit
|
| 245 |
1 |
0 |
|a BBB penetration-targeting physicochemical lead selection
|h [elektronikus dokumentum] :
|b ecdysteroids as chemo-sensitizers against CNS tumors /
|c Müller Judit
|
| 260 |
|
|
|a Elsevier
|c 2017
|
| 300 |
|
|
|a 571-577
|
| 490 |
0 |
|
|a EUROPEAN JOURNAL OF PHARMACEUTICAL SCIENCES
|v 96
|
| 700 |
0 |
1 |
|a Martins Ana
|e aut
|
| 700 |
0 |
1 |
|a Csábi József
|e aut
|
| 700 |
0 |
1 |
|a Fenyvesi Ferenc
|e aut
|
| 700 |
0 |
1 |
|a Könczöl Árpád
|e aut
|
| 700 |
0 |
1 |
|a Hunyadi Attila
|e aut
|
| 700 |
0 |
1 |
|a Balogh György Tibor
|e aut
|
| 856 |
4 |
0 |
|u http://publicatio.bibl.u-szeged.hu/13103/1/2017%20M%C3%BCller%20et%20al%20EurJPharmSci%20ecdy%20PAMPA%20CNS.pdf
|z Dokumentum-elérés
|